000 004300000a22001690004500
003 MACL
005 20150804160200.0
008 150804b xxu||||| |||| 00| 0 eng d
040 _aMACL
_cMACL
041 _aEnglish
082 _a370
245 _aHealth Education In The Control Of Schistosomiasis
260 _bB R Publishing Corporation
_c1991
_aNew Delhi
350 _a35
650 _aEducation
_94702
942 _cBK
_k370
_2ddc
999 _c4456
_d4456